[Event "6Ã¨me LUC open"]
[Site "Lille"]
[Date "2015-05-06"]
[Round "3.30"]
[White "WEILL, Roland"]
[Black "SZURHAJ, William"]
[Result "1-0"]
[WhiteElo "2151"]
[BlackElo "1693"]

1. e4 c5 2. Nf3 g6 3. Bc4 Bg7 4. O-O Nc6 5. c3 e6 6. Bb3 Nge7 7. d4 cxd4 8.
cxd4 d5 9. e5 Qb6 10. Nc3 O-O 11. Na4 Qb5 12. Nc5 Nf5 13. Ba4 Qb6 14. Bxc6 Qxc6
15. g4 Ne7 16. Bg5 f6 17. exf6 Bxf6 18. Bxf6 Rxf6 19. Ne5 Qd6 20. Qa4 Rf4 21.
Ncd3 b5 22. Qd1 Rxd4 23. Qf3 Bb7 24. Qf7+ Kh8 25. Qf6+ Kg8 26. Nf7 Rxg4+ 27.
Kh1 Qd7 28. Nh6# 1-0

*

[Event "6Ã¨me LUC open"]
[Site "Lille"]
[Date "2015-05-06"]
[Round "3.31"]
[White "MCLAREN, Brian"]
[Black "HIRSCHMANN, Georges"]
[Result "1-0"]
[WhiteElo "2141"]
[BlackElo "1687"]

1. e4 e5 2. Bc4 Nf6 3. Qe2 Nc6 4. c3 d6 5. Nf3 Bg4 6. d3 Be7 7. Nbd2 O-O 8. h3
Be6 9. Bb5 Nd7 10. g4 f6 11. Nf1 d5 12. Ng3 a6 13. Ba4 dxe4 14. dxe4 b5 15. Bb3
Bxb3 16. axb3 Nc5 17. b4 Nd3+ 18. Kf1 Qd7 19. Be3 Nf4 20. Bxf4 exf4 21. Nf5
Rfd8 22. Kg2 Qe6 23. N3d4 Nxd4 24. Nxd4 Qb6 25. Qf3 Bd6 26. Ne6 Re8 27. Nxf4
Be5 28. Rhd1 Qc6 29. Nd5 g6 30. Qd3 Qe6 31. f4 Bd6 32. Qd4 Rf8 33. Re1 Rf7 34.
e5 fxe5 35. fxe5 Be7 36. Nxc7 Qc6+ 37. Qd5 Qxd5+ 38. Nxd5 Bh4 39. Rf1 Rd8 40.
Rxf7 Kxf7 41. Nf4 g5 42. Ne2 Rd2 43. Kf3 Ke6 44. Ke3 Rd5 45. Rxa6+ Kxe5 46. Nd4
Rd7 47. Rb6 Kd5 48. Rxb5+ Kc4 49. Rc5# 1-0

*

[Event "6Ã¨me LUC open"]
[Site "Lille"]
[Date "2015-05-06"]
[Round "3.32"]
[White "MOKAL, Amruta Sunil"]
[Black "GONZALEZ, Arnaud"]
[Result "1-0"]
[WhiteElo "2130"]
[BlackElo "1667"]

1. e4 d6 2. d4 Nf6 3. Nc3 c6 4. a4 Bg4 5. f3 Bh5 6. g4 Bg6 7. g5 Nfd7 8. f4 f5
9. Bh3 e6 10. Qe2 Qe7 11. d5 a6 12. dxe6 Qxe6 13. exf5 Qxe2+ 14. Ngxe2 Bf7 15.
Nd4 a5 16. O-O Na6 17. Re1+ Kd8 18. Ne6+ Kc8 19. Be3 Bh5 20. Bd4 Nb4 21. Rac1
d5 22. Nxf8 Rxf8 23. Bxg7 Re8 24. g6 Kc7 25. Rxe8 Rxe8 26. gxh7 1-0

*

[Event "6Ã¨me LUC open"]
[Site "Lille"]
[Date "2015-05-06"]
[Round "3.33"]
[White "LEBRET, Loriane"]
[Black "VAN LOMMEL, Patrick"]
[Result "1/2-1/2"]
[WhiteElo "1690"]
[BlackElo "2120"]

1. e4 c5 2. c3 e6 3. d4 d5 4. exd5 exd5 5. dxc5 Bxc5 6. Bd3 Nc6 7. Bf4 Nf6 8.
h3 O-O 9. Ne2 Re8 10. O-O Ne5 11. Bc2 Ng6 12. Bg3 Ne4 13. Nd2 Nxg3 14. Nxg3 Qg5
15. Kh1 Bxf2 16. Qf3 Qxg3 17. Qxf2 Qxf2 18. Rxf2 b6 19. Raf1 Ba6 20. Rd1 Ne5
21. Nb3 Rad8 22. Nd4 Bb7 23. Bb3 Re7 24. Ba4 g6 25. Re1 Nc6 26. Rxe7 Nxe7 27.
Re2 Kf8 28. Rf2 Bc8 29. Nf3 Nf5 30. Kh2 Bd7 31. Bb3 Bb5 32. g4 Nh6 33. Nd4 Bd7
34. Bxd5 Bxg4 35. Bxf7 Nxf7 36. hxg4 Rd7 37. Nc6 Kg7 38. Re2 Rc7 39. Nd4 Rd7
40. Nc6 1/2-1/2

*

[Event "6Ã¨me LUC open"]
[Site "Lille"]
[Date "2015-05-06"]
[Round "3.34"]
[White "DIAZ, Franck"]
[Black "DUEE, Paul"]
[Result "1-0"]
[WhiteElo "2111"]
[BlackElo "1650"]

1. e4 c5 2. Nf3 Nc6 3. d4 cxd4 4. Nxd4 Nf6 5. Nc3 e5 6. Ndb5 d6 7. Bg5 a6 8.
Na3 b5 9. Bxf6 gxf6 10. Nd5 Be6 11. c3 f5 12. exf5 Bxf5 13. Qf3 Be6 14. Nf6+
Ke7 15. Nh5 d5 16. Qf6+ Kd6 17. Qxh8 Qg5 18. Be2 Bf5 19. Qf6+ Qxf6 20. Nxf6 Be7
21. Nh5 Rg8 22. Ng3 Be6 23. O-O f5 24. f4 e4 25. Nc2 Kc7 26. Nd4 Nxd4 27. cxd4
Bf6 28. Rfd1 Kb6 29. Rac1 Be7 30. Kf2 Bd6 31. Ke3 Rg6 32. Rc2 Rh6 33. Nf1 Bd7
34. g3 Rg6 35. Kf2 Kb7 36. Rdc1 Bb8 37. Ne3 Be6 38. Rc6 Ba7 39. a4 Bxd4 40.
axb5 axb5 41. Bxb5 Bb6 42. Ke2 d4 43. Nc4 d3+ 44. Kd2 Bxc4 45. R1xc4 Ba5+ 46.
b4 Bb6 47. Rxg6 hxg6 48. Rc6 Bg1 49. Rxg6 Bxh2 50. Bd7 1-0

*

[Event "6Ã¨me LUC open"]
[Site "Lille"]
[Date "2015-05-06"]
[Round "3.35"]
[White "MADDENS, Martijn"]
[Black "MAHIEU, Jacques"]
[Result "1-0"]
[WhiteElo "2095"]
[BlackElo "1610"]

1. e4 e6 2. d4 d5 3. Nc3 Bb4 4. e5 c5 5. Bd2 Bxc3 6. Bxc3 Ne7 7. Qg4 Nbc6 8.
Nf3 cxd4 9. Bxd4 Nxd4 10. Nxd4 Qa5+ 11. c3 Bd7 12. Qxg7 Rg8 13. Qxh7 Qb6 14.
O-O-O Rc8 15. g3 a5 16. h4 a4 17. a3 Qc5 18. h5 b5 19. Kb1 Qc7 20. f4 Rxg3 21.
Bd3 Nf5 22. Qh8+ Ke7 23. Qf6+ Kf8 24. Bxf5 Rxc3 25. Bxe6 Be8 26. Bxc8 1-0

*

[Event "6Ã¨me LUC open"]
[Site "Lille"]
[Date "2015-05-06"]
[Round "3.36"]
[White "BRELOT, Loic"]
[Black "GRIGORIAN, Roudolph"]
[Result "0-1"]
[WhiteElo "1679"]
[BlackElo "2093"]

1. e4 e5 2. Nf3 Nc6 3. Bc4 Bc5 4. O-O Nf6 5. d4 Bxd4 6. Nxd4 Nxd4 7. f4 d6 8.
fxe5 dxe5 9. Bg5 Qe7 10. c3 Ne6 11. Bxf6 gxf6 12. Bxe6 Bxe6 13. Qf3 Rd8 14. Qf2
Rg8 15. Kh1 f5 16. exf5 Bd5 17. Rg1 Bxg2+ 18. Rxg2 Rd1+ 0-1

*

[Event "6Ã¨me LUC open"]
[Site "Lille"]
[Date "2015-05-06"]
[Round "3.37"]
[White "BECUWE, Olivier"]
[Black "PRUVOST, Alain"]
[Result "1-0"]
[WhiteElo "2083"]
[BlackElo "1587"]

1. e4 c5 2. Nf3 Qa5 3. Nc3 Nc6 4. d4 cxd4 5. Nxd4 e6 6. Nb3 Qc7 7. a3 a6 8. f4
Na5 9. Nd4 b5 10. Qd3 Bb7 11. Be2 Nf6 12. Bf3 Be7 13. e5 Ng8 14. Ne4 Bxe4 15.
Bxe4 Rc8 16. Bxh7 Nc6 17. Nxc6 Qxc6 18. Be4 Qb6 19. Be3 Bc5 20. Bxc5 Rxc5 21.
O-O-O Rc7 22. Qd6 Qa7 23. Qd4 Ne7 24. Qxa7 Rxa7 25. Rd6 Nc8 26. Rd3 Ke7 27. h4
Rc7 28. g3 a5 29. g4 a4 30. Kb1 Nb6 1-0

*

[Event "6Ã¨me LUC open"]
[Site "Lille"]
[Date "2015-05-06"]
[Round "3.38"]
[White "BELE, Charles"]
[Black "DUMAS, Victor"]
[Result "0-1"]
[WhiteElo "1666"]
[BlackElo "2066"]

1. e4 e5 2. Nf3 Nc6 3. Bc4 Nf6 4. O-O Nxe4 5. Re1 d5 6. Bb3 Bc5 7. d4 exd4 8.
Ng5 O-O 9. Nxe4 dxe4 10. Rxe4 Bf5 11. Re1 Qf6 12. Nd2 Rfe8 13. Nf3 Bg4 14. Bd2
Rxe1+ 15. Bxe1 Ne5 0-1

*

[Event "6Ã¨me LUC open"]
[Site "Lille"]
[Date "2015-05-06"]
[Round "3.39"]
[White "POIVRE, Alain"]
[Black "Noordhoek, Henk"]
[Result "0-1"]
[WhiteElo "1627"]
[BlackElo "2026"]

1. e4 Nf6 2. e5 Nd5 3. d4 d6 4. Nf3 Bg4 5. Be2 c6 6. c4 Nb6 7. b3 dxe5 8. Nxe5
Bxe2 9. Kxe2 N8d7 10. Bf4 Nxe5 11. Bxe5 Nd7 12. Bg3 g6 13. Nd2 Bg7 14. Nf3 O-O
15. Rc1 Qa5 16. a4 Rad8 17. Re1 e5 18. Kf1 exd4 19. Bh4 Bf6 20. Bxf6 Nxf6 21.
Re7 Qb4 22. c5 Nd5 23. Rc4 Qxc4+ 24. bxc4 Nxe7 25. Qb1 d3 26. Ke1 Rd7 27. Ne5
Rd4 28. Nxd3 Nf5 29. g3 Rfd8 30. Nb2 R8d7 31. Kf1 Ng7 32. a5 Ne6 33. Qe1 Rd2
34. Qe5 Rc2 35. Qb8+ Kg7 36. Qe5+ Kg8 37. Na4 Rdd2 38. Qb8+ Nf8 39. Qf4 Nd7 40.
Qe3 Kg7 41. Nc3 Rxf2+ 42. Qxf2 Rxf2+ 43. Kxf2 Nxc5 44. Na2 Nb3 45. a6 bxa6 46.
Nb4 Nd2 47. Nxc6 Nxc4 48. Ke2 Kf6 49. Nxa7 a5 50. Nc6 a4 51. Kd3 Ne5+ 0-1

*

[Event "6Ã¨me LUC open"]
[Site "Lille"]
[Date "2015-05-06"]
[Round "3.42"]
[White "FLOU, Ronald"]
[Black "CADERON, Michel"]
[Result "0-1"]
[WhiteElo "1603"]
[BlackElo "1999"]

1. e4 c5 2. Nf3 d6 3. d4 cxd4 4. Nxd4 Nf6 5. Nc3 a6 6. Bd3 e5 7. Nf3 Be7 8. h3
O-O 9. O-O h6 10. Be3 Be6 11. Qe2 Qc7 12. Rfd1 Nbd7 13. Rac1 Rac8 14. a3 Rfe8
15. Nb1 d5 16. Nbd2 d4 17. Nxd4 exd4 {partie illisible} 0-1

*

[Event "6Ã¨me LUC open"]
[Site "Lille"]
[Date "2015-05-06"]
[Round "3.43"]
[White "SILVERT, Alexandre"]
[Black "BERZIN, Serge"]
[Result "1-0"]
[WhiteElo "1997"]
[BlackElo "1566"]

1. d4 g6 2. c4 Bg7 3. Nc3 Nf6 4. g3 O-O 5. Bg2 d6 6. e4 Nbd7 7. Nge2 Rb8 8. O-O
b6 9. f4 e5 10. fxe5 dxe5 11. d5 Bb7 12. b4 c5 13. b5 Ne8 14. Be3 Nd6 15. Qd3
Nf6 16. Nc1 a6 17. a4 Ra8 18. Nb3 a5 19. Rac1 Ng4 20. Bd2 Bc8 21. h3 Nf6 22.
Bg5 h6 23. Be3 Nh7 24. Nxc5 bxc5 25. Bxc5 f5 26. Ba3 Re8 27. c5 fxe4 28. Nxe4
Nxe4 29. Bxe4 Bxh3 30. Bxg6 Ng5 31. Bxe8 Qxe8 32. d6 e4 33. Qb3+ Be6 34. Qe3
Qh5 35. Rc2 Nf3+ 36. Rxf3 Qxf3 37. Qxf3 exf3 38. Bb2 Bb3 39. Rd2 Bxb2 40. Rxb2
Bxa4 41. d7 Kf7 42. Ra2 Bxb5 43. Rxa5 Rd8 44. Rxb5 Rxd7 45. Kf2 Rc7 46. Kxf3
Kg6 47. Ke4 Kg5 48. Kd5 Kg4 49. Rb3 Rg7 50. c6 h5 51. Kd6 Kh3 52. c7 Rg6+ 53.
Kc5 Rg5+ 54. Kb6 1-0

*

[Event "6Ã¨me LUC open"]
[Site "Lille"]
[Date "2015-05-06"]
[Round "3.44"]
[White "SHVED, Vassili"]
[Black "DROGOU, Gerard"]
[Result "1/2-1/2"]
[WhiteElo "1580"]
[BlackElo "1980"]

1. e4 Nf6 2. Nc3 e5 3. Bc4 Nc6 4. d3 Na5 5. Bb3 Bb4 6. Bg5 h6 7. Bxf6 Qxf6 8.
Nge2 Nxb3 9. axb3 c6 10. O-O g5 11. d4 d6 12. Ra4 a5 13. Qa1 Rb8 14. Rxb4 axb4
15. Qa7 bxc3 16. Qxb8 O-O 17. dxe5 Qxe5 18. Nxc3 b5 19. Rd1 f5 20. Qxd6 Qxd6
21. Rxd6 b4 22. Na4 fxe4 23. Rxh6 Rd8 24. h4 Rd1+ 25. Kh2 Rd2 26. Rxc6 Bd7 27.
Rc4 Rxf2 28. Rxe4 gxh4 29. Rxh4 Bc6 30. Rc4 Rxg2+ 31. Kh3 Bd5 32. Rg4+ Rxg4 33.
Kxg4 Be4 34. c4 Bc2 35. c5 Bxb3 36. Nb6 Kf7 37. Kf4 Ke6 38. Ke4 Bc2+ 39. Kd4
Bb3 40. Nc4 Ba4 41. Ne5 Bb5 42. Nd3 Bxd3 43. Kxd3 Kd5 44. c6 Kxc6 45. Kc4 b3
1/2-1/2

*

[Event "6Ã¨me LUC open"]
[Site "Lille"]
[Date "2015-05-06"]
[Round "3.45"]
[White "BLOEM, Mark"]
[Black "MARIE, Olivier"]
[Result "1-0"]
[WhiteElo "1978"]
[BlackElo "1527"]

1. e4 c5 2. Nf3 g6 3. d4 cxd4 4. Nxd4 Nc6 5. Be3 Nf6 6. Nc3 Bg7 7. Be2 O-O 8.
O-O d5 9. Nxc6 bxc6 10. exd5 Nxd5 11. Nxd5 cxd5 12. c3 Rb8 13. Qd2 Qa5 14. a4
e6 15. b4 Bxc3 16. Qxc3 Qxb4 17. Qxb4 Rxb4 18. Bc5 1-0

*

[Event "6Ã¨me LUC open"]
[Site "Lille"]
[Date "2015-05-06"]
[Round "3.46"]
[White "CALONNE, Pascal"]
[Black "STAS, Arnould"]
[Result "0-1"]
[WhiteElo "1554"]
[BlackElo "1967"]

1. Nf3 Nf6 2. c4 g6 3. Nc3 Bg7 4. d4 O-O 5. e4 d6 6. h3 e5 7. Be3 Nc6 8. Be2
exd4 9. Nxd4 Bd7 10. O-O Re8 11. f3 Nh5 12. Rc1 a6 13. Nxc6 Bxc6 14. Qd2 Ng3
15. Rfd1 f5 16. Bg5 Bf6 17. Bxf6 Qxf6 18. Nd5 Qg7 19. Kf2 Nxe2 20. Qxe2 fxe4
21. fxe4 Re5 22. Rc3 Rae8 23. Re3 Bxd5 24. cxd5 Qe7 25. Re1 Kh8 26. Kg1 Qd7 27.
b3 c5 28. dxc6 Qxc6 29. Qf3 Qc5 30. Kh1 d5 31. Qf6+ Kg8 32. Rf3 Qe7 33. Qxe7
R8xe7 34. Rfe3 dxe4 35. g4 Kf7 36. Kg2 Ke8 37. h4 Kd7 38. g5 Kd6 39. Kg3 Kc5
40. Rd1 Rd5 41. Rxd5+ Kxd5 42. Kf2 Kd4 43. Ke2 Rc7 44. Kd2 Rc2+ 0-1

*

[Event "6Ã¨me LUC open"]
[Site "Lille"]
[Date "2015-05-06"]
[Round "3.47"]
[White "ROSENAUER, Horst"]
[Black "BLONDEL, Francis"]
[Result "1-0"]
[WhiteElo "1966"]
[BlackElo "1503"]

1. e4 c5 2. Nf3 e6 3. d4 cxd4 4. Nxd4 Nc6 5. c4 Bb4+ 6. Nc3 Qa5 7. Ndb5 a6 8.
Nd6+ Bxd6 9. Qxd6 Qe5 10. Qd1 Nge7 11. Be2 Nd4 12. f4 Qc5 13. Na4 Qa7 14. c5
Nxe2 15. Qxe2 Nc6 16. Nb6 Rb8 17. Be3 O-O 18. O-O e5 19. f5 Nd4 20. Qg4 f6 21.
Rac1 a5 22. h4 Qa6 23. Rf2 d6 24. Nd5 Rf7 25. cxd6 Qxd6 26. h5 b6 27. h6 Ba6
28. Qd1 Bc8 29. g4 g6 30. Bxd4 exd4 31. Qd3 Qg3+ 32. Rg2 Qf4 33. Nxf4 1-0

*

[Event "6Ã¨me LUC open"]
[Site "Lille"]
[Date "2015-05-06"]
[Round "3.48"]
[White "ROMMELAERE, Stephane"]
[Black "LABADIE, Jean-Jacques"]
[Result "0-1"]
[WhiteElo "1539"]
[BlackElo "1958"]

1. e4 e5 2. Nf3 Nc6 3. Bc4 Nf6 4. d3 Bc5 5. c3 Qe7 6. b4 Bb6 7. a4 a5 8. b5 Nd8
9. Ba3 d6 10. O-O O-O 11. Nbd2 Nd7 12. Qc2 Ne6 13. Nb3 f5 14. exf5 Rxf5 15. d4
Rxf3 16. gxf3 Kh8 17. Bxe6 Qxe6 18. Nd2 Nf6 19. Ne4 Qf5 20. Qe2 Nd5 21. Bc1
exd4 22. Ng3 Qf7 23. Re1 Bd7 24. cxd4 Bxd4 25. Bb2 Bxb2 26. Qxb2 Qxf3 27. Qe2
Qf7 28. Qh5 g6 29. Qh4 Rf8 30. Qd4+ Kg8 31. Ne4 Nf4 32. Ng5 Qf5 33. Ne4 d5 34.
Ng3 Nh3+ 35. Kf1 Qxf2+ 0-1

*

[Event "6Ã¨me LUC open"]
[Site "Lille"]
[Date "2015-05-06"]
[Round "3.49"]
[White "VEKEMANS, Denis"]
[Black "RYS, Ludovic"]
[Result "1-0"]
[WhiteElo "1951"]
[BlackElo "1493"]

1. e4 d6 2. d4 Nf6 3. Nc3 g6 4. h4 h5 5. Bg5 Nh7 6. Be3 Bg7 7. Bc4 e5 8. Nge2
Nc6 9. Qd2 Na5 10. Bd3 Nc6 11. Bb5 a6 12. Ba4 b5 13. Bb3 Na5 14. dxe5 Nc4 15.
Bxc4 bxc4 16. exd6 cxd6 17. O-O-O O-O 18. Qxd6 Qxd6 19. Rxd6 Be6 20. Bd4 Bh6+
21. Kb1 Bg4 22. f3 Be6 23. Nd5 Rfd8 24. Rxd8+ Rxd8 25. Nec3 Bf8 26. Rd1 Rb8 27.
Nf6+ Nxf6 28. Bxf6 Rb7 29. Rd8 Rd7 30. Rxd7 Bxd7 31. Nd5 Bb5 32. Nc7 Bh6 33.
Nxb5 axb5 34. b3 Bd2 35. bxc4 bxc4 36. Kb2 Bb4 37. a4 Kf8 38. Bc3 Bc5 39. a5
Ke8 40. Bd2 Bd4+ 41. Ka3 c3 42. Be1 Kd8 43. Kb4 Kc8 44. Bxc3 Ba7 45. Kb5 Kb7
46. Bf6 Ka8 47. c4 Bb8 48. c5 Bc7 49. c6 Kb8 50. e5 Ka7 51. f4 Kb8 52. Be7 Bxa5
53. Kxa5 Kc7 54. Kb5 Kb8 55. Kc5 Kc7 56. Kd5 Kb6 57. Kd6 1-0

*

[Event "6Ã¨me LUC open"]
[Site "Lille"]
[Date "2015-05-06"]
[Round "3.50"]
[White "MARUEJOLS, Claude"]
[Black "COUSTENOBLE, Hugo"]
[Result "1-0"]
[WhiteElo "1939"]
[BlackElo "1471"]

1. d4 Nf6 2. c4 e6 3. Nc3 Bb4 4. g3 d5 5. Bg2 c6 6. Qb3 Be7 7. Nf3 Nbd7 8. O-O
O-O 9. Rd1 Qb6 10. Qc2 dxc4 11. e4 h6 12. Bf4 c5 13. d5 exd5 14. e5 d4 15. exf6
Bxf6 16. Nd5 d3 17. Qxc4 Qxb2 18. Qxd3 Qxa1 19. Rxa1 Bxa1 20. Ne7+ Kh8 21. Nxc8
Raxc8 22. Qxd7 1-0

*

[Event "6Ã¨me LUC open"]
[Site "Lille"]
[Date "2015-05-06"]
[Round "3.51"]
[White "DESCHUYTENEER, Lucien"]
[Black "MANET, Eric"]
[Result "0-1"]
[WhiteElo "1503"]
[BlackElo "1934"]

1. e4 c5 2. Nf3 d6 3. c3 Nf6 4. Bb5+ Bd7 5. Bxd7+ Qxd7 6. d3 e6 7. O-O Be7 8.
e5 dxe5 9. Nxe5 Qd5 10. d4 cxd4 11. Qxd4 Qxd4 12. cxd4 O-O 13. Nc3 Rd8 14. Be3
Nbd7 15. Rfd1 Nb6 16. h3 Nbd5 17. Nxd5 Nxd5 18. Rac1 Bf6 19. Nf3 Rac8 20. Kf1
Kf8 21. Ke2 h6 22. a3 Ke7 23. g3 a6 24. h4 Kd6 25. Kd2 Ra8 26. Rc2 Ke7 27. Ke2
Rac8 28. Rdc1 Rxc2+ 29. Rxc2 Kd6 30. Nd2 Kd7 31. Nf3 Be7 32. Ne5+ Ke8 33. Nf3
Bd6 34. Bd2 f5 35. Ne5 Bxe5 36. dxe5 Kd7 37. f4 g6 38. Ba5 Rg8 39. Kf3 h5 40.
Bd2 Rc8 41. Rxc8 Kxc8 42. Ke2 Kd7 43. Kd3 Kc6 44. a4 Nb6 45. b3 Kd5 46. Be3 Nc8
47. a5 Ne7 48. b4 Kc6 49. Kc4 Nd5 50. Bg1 Ne7 51. Bf2 Ng8 52. Ba7 Nh6 53. Bb6
Ng4 54. Bc5 Nh2 55. Bg1 Nf1 56. Bf2 Nd2+ 57. Kd3 Ne4 58. Be1 Kb5 59. Kd4 Ka4
60. Kc4 Ka3 61. b5 Kb2 62. bxa6 bxa6 63. Kd3 Kb3 64. Ke3 Kc4 65. Kf3 Kb5 66.
Ke3 Kc4 67. Kf3 Kb5 68. Ke3 Nc5 69. Bc3 Nb3 70. Kd3 Nxa5 71. Bxa5 Kxa5 72. Kc4
Kb6 73. Kb4 a5+ 74. Ka4 Ka6 75. Ka3 Kb5 76. Kb3 a4+ 77. Ka3 Ka5 78. Ka2 Kb4 79.
Kb2 a3+ 80. Ka2 Ka4 81. Kb1 Kb3 82. Ka1 a2 83. g4 fxg4 84. f5 exf5 0-1

*

[Event "6Ã¨me LUC open"]
[Site "Lille"]
[Date "2015-05-06"]
[Round "3.52"]
[White "TUPET, Guillaume"]
[Black "RICOU, Guillaume"]
[Result "1-0"]
[WhiteElo "1931"]
[BlackElo "1460"]

1. d4 d5 2. Nf3 Bf5 3. g3 Nf6 4. c4 e6 5. Nc3 dxc4 6. Bg2 Nd5 7. Ne5 Nd7 8.
Nxc4 c6 9. e4 Nxc3 10. bxc3 Bg6 11. Qb3 b5 12. Ne3 Qb6 13. a4 Qa5 14. Bd2 Rb8
15. O-O b4 16. Nc4 Qh5 17. cxb4 a5 18. Bf3 Qh3 19. b5 h5 20. Bg2 Qg4 21. f3 1-0

*

[Event "6Ã¨me LUC open"]
[Site "Lille"]
[Date "2015-05-06"]
[Round "3.53"]
[White "GEAY, Philippe"]
[Black "COTTEGNIE, Francis"]
[Result "0-1"]
[WhiteElo "1482"]
[BlackElo "1904"]

1. e4 e6 2. d4 d5 3. e5 c5 4. c3 Nc6 5. Nf3 Qb6 6. Be2 cxd4 7. cxd4 Nge7 8. Na3
Nf5 9. Nc2 Bd7 10. O-O Be7 11. b3 Rc8 12. g4 Nh6 13. Bxh6 gxh6 14. h4 Rg8 15.
Kh2 Rxg4 16. Rg1 h5 17. Ne3 Rxg1 18. Qxg1 Kd8 19. Qg8+ Kc7 20. Qxf7 Re8 21. Nc2
Kb8 22. Qxh7 Qd8 23. Qh6 Bxh4 24. Rg1 Bxf2 25. Rg7 Rg8 26. Qf6 Rxg7 27. Qxg7 h4
28. Qg4 a6 29. Kh3 Qa5 30. Qg2 Bg3 31. Nxh4 Bxh4 32. Kxh4 Qc3 33. Bg4 Nxd4 34.
Nxd4 Qxd4 35. Qg3 Qd2 36. a4 Qh6+ 0-1

*

[Event "6Ã¨me LUC open"]
[Site "Lille"]
[Date "2015-05-06"]
[Round "3.54"]
[White "VEKEMANS, Sylvain"]
[Black "MANGANI, Jean-Pierre"]
[Result "1-0"]
[WhiteElo "1893"]
[BlackElo "1463"]

1. e4 e5 2. c4 Nf6 3. Nc3 c6 4. f4 Bb4 5. fxe5 Bxc3 6. dxc3 Ng8 7. Nf3 Qc7 8.
Bf4 Ne7 9. Bd3 O-O 10. O-O Qb6+ 11. Rf2 Ng6 12. Qd2 Na6 13. b4 Qc7 14. Bg3 Qd8
15. c5 Nc7 16. Nd4 b6 17. cxb6 axb6 18. Nf5 Ne8 19. Nd6 b5 20. Bc2 Qe7 21. Bb3
Nxd6 22. Qxd6 Ra6 23. Qxe7 Nxe7 24. Raf1 c5 25. bxc5 Bb7 26. Rxf7 Rxf7 27. Rxf7
Bd5 28. Rxe7 Bxb3 29. axb3 1-0

*

[Event "6Ã¨me LUC open"]
[Site "Lille"]
[Date "2015-05-06"]
[Round "3.55"]
[White "CABARRUS, Valentin"]
[Black "CARTIGNY, Patrick"]
[Result "0-1"]
[WhiteElo "1469"]
[BlackElo "1886"]

1. d4 Nf6 2. c4 c5 3. d5 e6 4. Nc3 exd5 5. cxd5 Bd6 6. Nf3 O-O 7. e4 Re8 8. Bd3
Bc7 9. O-O d6 10. Bf4 Bg4 11. Re1 a6 12. a3 b5 13. b4 Nbd7 14. Rb1 Rb8 15. h3
Bh5 16. g4 Bg6 17. Re2 h6 18. Bc2 Qe7 19. Qd2 Rbc8 20. Rbe1 Qf8 21. e5 dxe5 22.
Nxe5 Bxe5 23. Bxg6 Bxf4 24. Bxf7+ Qxf7 25. Rxe8+ Rxe8 26. Rxe8+ Qxe8 27. Qxf4
Qe1+ 0-1

*

[Event "6Ã¨me LUC open"]
[Site "Lille"]
[Date "2015-05-06"]
[Round "3.56"]
[White "HUYSMAN, Robert"]
[Black "JENNY, Gerald"]
[Result "0-1"]
[WhiteElo "1461"]
[BlackElo "1882"]

1. e4 c5 2. Nf3 e6 3. d4 cxd4 4. Nxd4 a6 5. Be3 Nf6 6. f3 Qc7 7. Bd3 d5 8. Nd2
b5 9. O-O Nbd7 10. N4b3 Bb7 11. exd5 Nxd5 12. Bf2 Bd6 13. g3 O-O 14. Ne4 Be7
15. c3 f5 16. Ned2 e5 17. Qe2 Rae8 18. Bc2 Kh8 19. Rac1 Bg5 20. Rcd1 Qc8 21.
Qd3 e4 22. fxe4 fxe4 23. Qd4 e3 24. Ne4 exf2+ 25. Nxf2 Be3 26. Qh4 N7f6 27. Nd4
Re5 28. g4 Nf4 29. Bf5 Bxd4 30. h3 Qc6 31. Qxh7+ Nxh7 32. Be4 Qxe4 0-1

*

[Event "6Ã¨me LUC open"]
[Site "Lille"]
[Date "2015-05-06"]
[Round "3.58"]
[White "DESCATOIRE, Raymond"]
[Black "HAUSEUX, Paul"]
[Result "0-1"]
[WhiteElo "1012"]
[BlackElo "1841"]

1. e4 e5 2. Bc4 Nf6 3. Nc3 Nc6 4. Nf3 Be7 5. d4 exd4 6. Nxd4 d6 7. Nxc6 bxc6 8.
O-O O-O 9. Qe2 Re8 10. Rd1 Bf8 11. Bg5 Qe7 12. Bxf6 Qxf6 13. Bd3 Rb8 14. Rab1
Qg5 15. h3 Bxh3 16. g3 d5 17. Qf3 Bg4 18. Qf4 Qxf4 19. gxf4 Rxb2 20. exd5 cxd5
21. Nxd5 c6 22. Nc3 Bb4 23. Na4 Rxa2 24. Kg2 Rxa4 25. Ra1 g6 26. f5 Bc5 27. f3
Re5 28. fxg6 Rg5 0-1

*

[Event "6Ã¨me LUC open"]
[Site "Lille"]
[Date "2015-05-06"]
[Round "3.59"]
[White "VAN HOOREBEKE, Jimmy"]
[Black "CANARIO, Jonathan"]
[Result "1-0"]
[WhiteElo "1841"]
[BlackElo "1421"]

1. e4 e5 2. Nc3 Nf6 3. g3 Bc5 4. Bg2 d6 5. h3 Nc6 6. Nge2 h6 7. O-O Be6 8. Kh2
Nd4 9. f4 c6 10. Na4 Bb6 11. Nxb6 Qxb6 12. d3 Nxe2 13. Qxe2 O-O-O 14. c3 Nd7
15. f5 Bxa2 16. Rxa2 a6 17. Be3 Qc7 18. b4 c5 19. bxc5 dxc5 20. d4 exd4 21.
cxd4 c4 22. Rc1 b5 23. Rxa6 Qb7 24. Qa2 g5 25. e5 Qc7 26. Rc6 1-0

*

[Event "6Ã¨me LUC open"]
[Site "Lille"]
[Date "2015-05-06"]
[Round "3.60"]
[White "CARDON, Pierre"]
[Black "ROGER, Mehdi"]
[Result "0-1"]
[WhiteElo "1863"]
[BlackElo "2176"]

1. d4 Nf6 2. Nf3 g6 3. Bf4 Bg7 4. Nc3 d5 5. e3 Bg4 6. h3 Bxf3 7. Qxf3 c6 8. Bd3
Nbd7 9. O-O Qb6 10. g4 O-O 11. Ne2 Rfe8 12. Qg3 Rac8 13. c3 Ne4 14. Qg2 e5 15.
Bh2 Nef6 16. f3 exd4 17. exd4 Qxb2 18. Rfb1 Qd2 19. Rd1 Qe3+ 20. Kh1 Qe7 21.
Ng3 Nb6 22. h4 Nc4 23. Re1 Qxe1+ 24. Rxe1 Rxe1+ 25. Bg1 Rce8 26. Kh2 Bf8 27. g5
Nd7 28. h5 Bd6 29. hxg6 hxg6 30. Bf2 Rd1 31. Bxc4 dxc4 32. Qh3 Nb6 33. Kg2 Bxg3
34. Qxg3 Nd5 35. Kh3 Rd3 0-1

*

[Event "6Ã¨me LUC open"]
[Site "Lille"]
[Date "2015-05-06"]
[Round "3.61"]
[White "CHATTON, Jean-Bernard"]
[Black "VAN VLIET, Dennis"]
[Result "0-1"]
[WhiteElo "1721"]
[BlackElo "2109"]

1. e4 e6 2. d4 d5 3. Nc3 Bb4 4. e5 c5 5. a3 Bxc3+ 6. bxc3 Qc7 7. Nf3 Ne7 8. Bd3
b6 9. O-O Ba6 10. Re1 h6 11. a4 Bxd3 12. Qxd3 Nbc6 13. Ba3 O-O 14. dxc5 Rfc8
15. cxb6 axb6 16. Bd6 Qd7 17. Nd4 Nxd4 18. cxd4 Rc4 19. Reb1 Nf5 20. Rb4 Nxd6
21. exd6 Rxb4 0-1

*

[Event "6Ã¨me LUC open"]
[Site "Lille"]
[Date "2015-05-06"]
[Round "3.62"]
[White "SIMON, Fernand"]
[Black "COULON, Guillaume"]
[Result "0-1"]
[WhiteElo "1404"]
[BlackElo "2020"]

1. d4 Nf6 2. c4 e5 3. dxe5 Ng4 4. Nf3 Nc6 5. Bg5 Be7 6. Bxe7 Qxe7 7. Nbd2 Ngxe5
8. e3 O-O 9. Be2 d6 10. O-O f5 11. Nxe5 dxe5 12. f4 exf4 13. exf4 Qe3+ 14. Rf2
Be6 15. Bf3 Qb6 16. Qe1 Rfe8 17. Qc1 Rad8 18. Bxc6 Qxc6 19. Re2 Bf7 20. Rxe8+
Rxe8 0-1

*

[Event "6Ã¨me LUC open"]
[Site "Lille"]
[Date "2015-05-06"]
[Round "3.63"]
[White "MARTYNOV, Petr"]
[Black "WAMBERGUE, Maurice"]
[Result "1-0"]
[WhiteElo "1885"]
[BlackElo "1871"]

1. e4 c5 2. Nf3 d6 3. d4 cxd4 4. Qxd4 Nc6 5. Bb5 Bd7 6. Bxc6 Bxc6 7. Nc3 Nf6 8.
Bg5 e5 9. Qd3 h6 10. Bxf6 Qxf6 11. Nd5 Qd8 12. O-O Rc8 13. c3 Bxd5 14. Qxd5 Qb6
15. Nd2 Be7 16. Rfd1 Qc6 17. Qd3 O-O 18. Nf1 b5 19. Ne3 Rfd8 20. Nd5 Bf8 21.
Rac1 Qc4 22. Qf3 b4 23. Nxb4 a5 24. b3 Qc5 25. Nd5 Qa3 26. Qe2 Rc6 27. h3 Rdc8
28. c4 Qc5 29. Rc3 Qa7 30. Rcd3 a4 31. Nc3 axb3 32. axb3 Qd7 33. Nb5 f5 34.
exf5 Qxf5 35. Na7 1-0

*

[Event "6Ã¨me LUC open"]
[Site "Lille"]
[Date "2015-05-06"]
[Round "3.64"]
[White "FAURE, StÃ©phane"]
[Black "TOLINI, Gerard"]
[Result "1-0"]
[WhiteElo "2063"]
[BlackElo "1385"]

1. e4 e5 2. Nf3 Nc6 3. Bb5 a6 4. Ba4 Bc5 5. O-O Nf6 6. d3 b5 7. Bb3 O-O 8. Bg5
d6 9. Bd5 Bb7 10. Nc3 Qe7 11. Nh4 Rab8 12. Nf5 Qd7 13. Bxf6 g6 14. Nh6# 1-0

*

[Event "6Ã¨me LUC open"]
[Site "Lille"]
[Date "2015-05-06"]
[Round "3.65"]
[White "SOBRY, Sebastien"]
[Black "CHACHIACHVILI, Salome"]
[Result "1-0"]
[WhiteElo "2033"]
[BlackElo "1192"]

1. e4 c5 2. Nf3 e6 3. d4 cxd4 4. Nxd4 a6 5. Bd3 Nc6 6. Nf3 Bc5 7. O-O Nge7 8.
c4 Ng6 9. Qe2 Nb4 10. Nc3 Nxd3 11. Qxd3 b6 12. Be3 Qc7 13. Bxc5 Qxc5 14. Rad1
O-O 15. a3 Ne5 16. Nxe5 Qxe5 17. Qd6 Qa5 18. Rd3 b5 19. b4 Qxa3 20. Nd5 Qa2 21.
Ne7+ Kh8 22. Ng6+ hxg6 23. Qxf8+ Kh7 24. Rh3# 1-0

*

[Event "6Ã¨me LUC open"]
[Site "Lille"]
[Date "2015-05-06"]
[Round "3.67"]
[White "GRIFFON, Olivier"]
[Black "LARTIGOT, Gerard"]
[Result "1-0"]
[WhiteElo "1907"]
[BlackElo "1150"]

1. e4 d6 2. d4 e5 3. Bc4 Nf6 4. Nc3 Nbd7 5. Nf3 Nb6 6. dxe5 Nxe4 7. Bxf7+ Kxf7
8. Nxe4 Ke8 9. O-O Bf5 10. Ng3 Bg4 11. exd6 Qxd6 12. Re1+ Kd7 13. Ne5+ Kc8 14.
Qxg4+ Nd7 15. Nf7 1-0

*